A PRACTICAL BOOK OF PHARAMACOGONOSY AND PHYTOCHEMISTRY- II (Record no. 1218975)

MARC details
000 -LEADER
fixed length control field 00485nam a2200169Ia 4500
008 - FIXED-LENGTH DATA ELEMENTS--GENERAL INFORMATION
fixed length control field 260407s2023 xx 000 0 und d
041 ## - LANGUAGE CODE
Language code of text/sound track or separate title eng
082 ## - DEWEY DECIMAL CLASSIFICATION NUMBER
Classification number 615.321/GOK
Item number 11483
100 ## - MAIN ENTRY--PERSONAL NAME
Personal name S.B. GOKHALE
245 ## - TITLE STATEMENT
Title A PRACTICAL BOOK OF PHARAMACOGONOSY AND PHYTOCHEMISTRY- II
250 ## - EDITION STATEMENT
Edition statement 3RD
260 ## - PUBLICATION, DISTRIBUTION, ETC.
Place of publication, distribution, etc. PUNE
Name of publisher, distributor, etc. NIRALI PRAKASHAN
Date of publication, distribution, etc. 2023
300 ## - PHYSICAL DESCRIPTION
Extent 41p
650 ## - SUBJECT ADDED ENTRY--TOPICAL TERM
Topical term or geographic name entry element PHARMACOGONOSY
650 ## - SUBJECT ADDED ENTRY--TOPICAL TERM
Topical term or geographic name entry element PRACTICAL PHARAMACOGONOSY AND PHYTOCHEMISTRY- II
700 ## - ADDED ENTRY--PERSONAL NAME
Personal name DR.M.G. KALASKAR
Holdings
Withdrawn status Lost status Damaged status Not for loan Home library Current library Date acquired Cost, normal purchase price Total Checkouts Full call number Barcode Date last seen Price effective from Koha item type
        College of Pharmacy, Kolhapur College of Pharmacy, Kolhapur 21/03/2024 60.00   615.321/GOK/11483 PCK-11483 08/04/2026 08/04/2026 Book